[Event "España ch Universitario 2007"]
[Site "Cartagena ESP"]
[Date "2007.05.07"]
[Round "2.32"]
[White "Perez De Miguel, Alvaro"]
[Black "Jimenez Martinez, Jose Vicente"]
[Result "1-0"]
[WhiteElo "2098"]
[BlackElo "2202"]
[PlyCount "69"]
[EventDate "2007.05.06"]
[EventType "swiss"]
[EventRounds "9"]
[EventCountry "ESP"]
[Source "lmi"]
[SourceDate "2007.05.06"]

1. d4 g6 2. Nf3 Bg7 3. c4 d6 4. Nc3 Nf6 5. e4 O-O 6. Be2 e5 7. d5 Nbd7 8. Bg5
a5 9. Nd2 h6 10. Bh4 c6 11. O-O Qc7 12. a3 Nh7 13. f3 f5 14. Bf2 c5 15. Nb5 Qb8
16. b4 a4 17. Nb1 fxe4 18. fxe4 Ng5 19. N1c3 Nf6 20. bxc5 Ngxe4 21. cxd6 Bd7
22. c5 Ra5 23. Bc4 Kh7 24. Qe1 Nxf2 25. Rxf2 Rc8 26. Rxf6 Bxf6 27. Ne4 Bd8 28.
Nc7 Qa7 29. Ne6 Raxc5 30. N6xc5 Bb6 31. Nf6+ Kg7 32. Nfxd7 Bxc5+ 33. Nxc5 Qxc5+
34. Kh1 Rd8 35. Qxe5+ 1-0

[Event "España ch Universitario 2007"]
[Site "Cartagena ESP"]
[Date "2007.05.07"]
[Round "2.33"]
[White "Zamarbide Iñarrea, Borja"]
[Black "Criado Lopez, Alberto"]
[Result "0-1"]
[WhiteElo "2202"]
[BlackElo "2014"]
[PlyCount "55"]
[EventDate "2007.05.06"]
[EventType "swiss"]
[EventRounds "9"]
[EventCountry "ESP"]
[Source "lmi"]
[SourceDate "2007.05.06"]

1. f4 Nf6 2. Nf3 g6 3. b3 Bg7 4. Bb2 d5 5. e3 b6 6. Be2 Bb7 7. O-O O-O 8. Qe1
Nbd7 9. Ne5 c5 10. d3 Ne8 11. Bg4 e6 12. Nd2 Qe7 13. e4 dxe4 14. dxe4 Nef6 15.
Bf3 Nxe5 16. Bxe5 Rad8 17. Rd1 b5 18. Qe3 Bh6 19. Nb1 Rxd1 20. Rxd1 Rd8 21.
Rxd8+ Qxd8 22. Qxc5 Bxe4 23. Bxf6 Qxf6 24. Bxe4 Qxf4 25. Nc3 Qd2 26. Qc8+ Kg7
27. g3 Be3+ 28. Kh1 0-1

[Event "España ch Universitario 2007"]
[Site "Cartagena ESP"]
[Date "2007.05.07"]
[Round "2.35"]
[White "Gimeno Higueras, Roberto"]
[Black "Iglesias Gascon, Albanta"]
[Result "1-0"]
[WhiteElo "2198"]
[BlackElo "1997"]
[PlyCount "31"]
[EventDate "2007.05.06"]
[EventType "swiss"]
[EventRounds "9"]
[EventCountry "ESP"]
[Source "lmi"]
[SourceDate "2007.05.06"]

1. e4 Nc6 2. Nf3 g6 3. c3 Bg7 4. d4 d5 5. Nbd2 dxe4 6. Nxe4 e5 7. d5 Bf5 8. Nc5
Nce7 9. Bb5+ c6 10. Nxb7 Qb6 11. dxc6 Kf8 12. Qa4 a6 13. c4 Be4 14. Be3 Qc7 15.
Bc5 Bf6 16. Rd1 1-0

[Event "España ch Universitario 2007"]
[Site "Cartagena ESP"]
[Date "2007.05.07"]
[Round "2.36"]
[White "Minguito Llorente, Alberto"]
[Black "Cruz Alvarez de Ron, Dan"]
[Result "0-1"]
[WhiteElo "2053"]
[BlackElo "2194"]
[PlyCount "70"]
[EventDate "2007.05.06"]
[EventType "swiss"]
[EventRounds "9"]
[EventCountry "ESP"]
[Source "lmi"]
[SourceDate "2007.05.06"]

1. d4 e6 2. Nc3 d5 3. e4 Bb4 4. e5 b6 5. Qg4 Bf8 6. f4 Nh6 7. Qd1 c5 8. Nf3 Nc6
9. Bb5 Bd7 10. Bxc6 Bxc6 11. O-O Nf5 12. Ne2 Bb5 13. c3 Rc8 14. Rf2 Be7 15. g4
Nh4 16. Ng3 Nxf3+ 17. Qxf3 cxd4 18. cxd4 Rc4 19. Be3 Kd7 20. f5 Rf8 21. Nh5 g6
22. Nf4 gxf5 23. gxf5 Rg8+ 24. Rg2 Rc2 25. f6 Bb4 26. Bf2 Rxg2+ 27. Qxg2 Qc7
28. Qg7 Rc1+ 29. Rxc1 Qxc1+ 30. Kg2 Qxf4 31. Qxf7+ Kc8 32. Qxe6+ Kb7 33. Qf7+
Ka6 34. Qxh7 Be2 35. Qh3 Qe4+ 0-1

[Event "España ch Universitario 2007"]
[Site "Cartagena ESP"]
[Date "2007.05.07"]
[Round "2.37"]
[White "Martinez Lozano, Miguel Angel"]
[Black "Alcaraz Pacheco, Ivan"]
[Result "1-0"]
[WhiteElo "2194"]
[BlackElo "1953"]
[PlyCount "121"]
[EventDate "2007.05.06"]
[EventType "swiss"]
[EventRounds "9"]
[EventCountry "ESP"]
[Source "lmi"]
[SourceDate "2007.05.06"]

1. e4 Nf6 2. e5 Nd5 3. d4 d6 4. Nf3 Bg4 5. Be2 c6 6. h3 Bxf3 7. Bxf3 dxe5 8.
dxe5 e6 9. O-O Qc7 10. Qe2 Nd7 11. Re1 Be7 12. c4 N5b6 13. Nc3 Rd8 14. Bf4 Nc5
15. Rad1 a5 16. Rxd8+ Qxd8 17. Rd1 Qc7 18. Ne4 Nxe4 19. Bxe4 Nd7 20. Bg3 Nc5
21. Bc2 g6 22. b3 O-O 23. h4 Rd8 24. h5 Rxd1+ 25. Qxd1 Qd8 26. Qxd8+ Bxd8 27.
hxg6 hxg6 28. Kf1 Bc7 29. Ke2 Nd7 30. f4 g5 31. fxg5 Bxe5 32. Be1 Bc7 33. Bc3
Kf8 34. a3 Ke7 35. Kf3 b6 36. Be4 Be5 37. Bd2 Kd6 38. Bc1 c5 39. Bh7 Nf8 40.
Bc2 Ng6 41. Kg4 Ke7 42. Be4 Kd6 43. a4 Bd4 44. Kh5 Ne7 45. Bf4+ e5 46. Bd2 Ke6
47. g4 Bf2 48. Kh6 Bg3 49. Kh5 Bf4 50. Be1 Be3 51. Bh4 Bf4 52. Kh6 f5 53. gxf5+
Nxf5+ 54. Bxf5+ Kxf5 55. Kh5 e4 56. g6 Be5 57. Bg3 Bg7 58. Bc7 e3 59. Bxb6 Bc3
60. Bxc5 Kf4 61. Kh6 1-0

[Event "España ch Universitario 2007"]
[Site "Cartagena ESP"]
[Date "2007.05.07"]
[Round "2.38"]
[White "Margalef Hernandez, Jesus"]
[Black "Rosa Cintas, Raul"]
[Result "0-1"]
[WhiteElo "1931"]
[BlackElo "2192"]
[PlyCount "83"]
[EventDate "2007.05.06"]
[EventType "swiss"]
[EventRounds "9"]
[EventCountry "ESP"]
[Source "lmi"]
[SourceDate "2007.05.06"]

1. e4 Nf6 2. e5 Nd5 3. c4 Nb6 4. d4 d6 5. exd6 exd6 6. Nc3 Be7 7. Bd3 Nc6 8.
Nge2 Bg4 9. Be3 Qd7 10. a3 a5 11. O-O Bf6 12. Qc2 d5 13. c5 Nc8 14. Rfe1 N8e7
15. Bb5 O-O 16. Rad1 Bf5 17. Bd3 Bxd3 18. Qxd3 Ng6 19. Ng3 Bd8 20. Qf5 Qxf5 21.
Nxf5 Nce7 22. Nxe7+ Nxe7 23. Bf4 Rc8 24. Re2 h6 25. Rde1 Nf5 26. Re5 Nxd4 27.
Rxd5 Ne6 28. Bg3 Bf6 29. Be5 Bxe5 30. Rexe5 Rfd8 31. c6 bxc6 32. Rxa5 Rd2 33.
Re2 Rxe2 34. Nxe2 Rb8 35. b4 c5 36. b5 c6 37. a4 cxb5 38. Rxb5 Rd8 39. f3 Rd2
40. Nc3 Rc2 41. Rb3 Nd4 42. Ra3 0-1

[Event "España ch Universitario 2007"]
[Site "Cartagena ESP"]
[Date "2007.05.07"]
[Round "2.39"]
[White "Torrado Quintela, Julio"]
[Black "Ausin Matilla, Daniel"]
[Result "1-0"]
[WhiteElo "2184"]
[BlackElo "1942"]
[PlyCount "105"]
[EventDate "2007.05.06"]
[EventType "swiss"]
[EventRounds "9"]
[EventCountry "ESP"]
[Source "lmi"]
[SourceDate "2007.05.06"]

1. e4 c5 2. Nc3 Nc6 3. Nf3 e6 4. d4 cxd4 5. Nxd4 Qc7 6. Nxc6 bxc6 7. Bd3 Nf6 8.
O-O d5 9. Qe2 Bb7 10. Bg5 Be7 11. Bxf6 Bxf6 12. exd5 cxd5 13. Bb5+ Kf8 14. Nd1
Be5 15. h3 g6 16. c3 Kg7 17. Ne3 h5 18. Nc2 a6 19. Bd3 Rab8 20. Rae1 Bh2+ 21.
Kh1 Bd6 22. f4 Bxf4 23. Qf2 Bg3 24. Qf6+ Kg8 25. Bxg6 Rh6 26. Qxf7+ Qxf7 27.
Bxf7+ Kg7 28. Rxe6 Rf8 29. Rxh6 Kxh6 30. Nd4 Bc8 31. Rf3 h4 32. Bxd5 Rxf3 33.
Bxf3 Kg5 34. Kg1 Kf6 35. Kf1 Bd7 36. Ke2 Ke5 37. Kd3 Kd6 38. b4 Bb5+ 39. c4 Bd7
40. c5+ Kc7 41. Kc4 Be1 42. c6 Bc8 43. a4 a5 44. Nb5+ Kb6 45. bxa5+ Kxa5 46.
Bd1 Kb6 47. Kd5 Bg3 48. Bg4 Ba6 49. c7 Bb7+ 50. Kd4 Bxc7 51. Nxc7 Kxc7 52. Bf3
Bc8 53. Ke5 1-0

[Event "España ch Universitario 2007"]
[Site "Cartagena ESP"]
[Date "2007.05.07"]
[Round "2.40"]
[White "Canicio Navarro, Sonia"]
[Black "Prol Nogueira, Iago"]
[Result "0-1"]
[WhiteElo "1895"]
[BlackElo "2183"]
[PlyCount "46"]
[EventDate "2007.05.06"]
[EventType "swiss"]
[EventRounds "9"]
[EventCountry "ESP"]
[Source "lmi"]
[SourceDate "2007.05.06"]

1. d4 g6 2. Bf4 Bg7 3. e3 Nf6 4. Nf3 O-O 5. Bd3 d6 6. h3 Nbd7 7. g4 e5 8. dxe5
dxe5 9. Nxe5 Nxe5 10. Bxe5 Qd5 11. Rg1 Qxe5 12. Nc3 Qh2 13. Rg3 Be6 14. Qf3 Nd7
15. Ke2 Ne5 16. Qe4 f5 17. gxf5 Rxf5 18. Rg2 Qxh3 19. f4 Nxd3 20. Qxe6+ Kf8 21.
Kxd3 Qxg2 22. Kc4 Bxc3 23. Kxc3 Qc6+ 0-1

[Event "España ch Universitario 2007"]
[Site "Cartagena ESP"]
[Date "2007.05.07"]
[Round "2.41"]
[White "Reinaldo Castineira, Roi"]
[Black "Pazos Porta, Antonio"]
[Result "1-0"]
[WhiteElo "2452"]
[BlackElo "2129"]
[PlyCount "65"]
[EventDate "2007.05.06"]
[EventType "swiss"]
[EventRounds "9"]
[EventCountry "ESP"]
[Source "lmi"]
[SourceDate "2007.05.06"]

1. e4 e6 2. d3 d5 3. Qe2 Be7 4. Nf3 Nf6 5. g3 Nc6 6. e5 Nd7 7. Bg2 O-O 8. O-O
a5 9. c4 Nb6 10. Rd1 a4 11. Nc3 Na5 12. h4 Bd7 13. Bg5 dxc4 14. dxc4 Naxc4 15.
Rd4 Bxg5 16. hxg5 a3 17. bxa3 Rxa3 18. Rxc4 Nxc4 19. Qxc4 Bc6 20. Qb4 Qa8 21.
Ne1 Bxg2 22. Nxg2 Rd8 23. Rc1 Qa5 24. Qe7 Rf8 25. Rd1 c6 26. Ne4 Rxa2 27. Kh2
Re2 28. Rd4 Qb6 29. Nc5 Qa5 30. Nd7 Ra8 31. Rf4 Qa3 32. Qxf7+ Kh8 33. Nf8 1-0

[Event "España ch Universitario 2007"]
[Site "Cartagena ESP"]
[Date "2007.05.07"]
[Round "2.42"]
[White "Gimenez Carretero, Antonio E"]
[Black "Navarro Cia, Miguel"]
[Result "0-1"]
[WhiteElo "2027"]
[BlackElo "2338"]
[PlyCount "54"]
[EventDate "2007.05.06"]
[EventType "swiss"]
[EventRounds "9"]
[EventCountry "ESP"]
[Source "lmi"]
[SourceDate "2007.05.06"]

1. e4 e6 2. d4 d5 3. exd5 exd5 4. Bd3 Nc6 5. c3 Bd6 6. Nf3 Bg4 7. O-O Nge7 8.
Bg5 f6 9. Bh4 Qd7 10. Nbd2 O-O-O 11. b4 Nf5 12. Qc2 g5 13. Bg3 Bxg3 14. hxg3
Nce7 15. Nh2 h5 16. f3 Ne3 17. Qb3 Nxf1 18. Nhxf1 Bf5 19. Be2 g4 20. a4 h4 21.
f4 Qe6 22. Kf2 Ng6 23. Re1 Rde8 24. c4 dxc4 25. Qxc4 hxg3+ 26. Kxg3 Qd6 27. d5
Re4 0-1

[Event "España ch Universitario 2007"]
[Site "Cartagena ESP"]
[Date "2007.05.07"]
[Round "2.43"]
[White "Medina Menendez, Eduardo Matias"]
[Black "Perez Lopez, Jesus Maria"]
[Result "1-0"]
[WhiteElo "2049"]
[BlackElo "2261"]
[PlyCount "97"]
[EventDate "2007.05.06"]
[EventType "swiss"]
[EventRounds "9"]
[EventCountry "ESP"]
[Source "lmi"]
[SourceDate "2007.05.06"]

1. d4 d5 2. Nf3 c6 3. g3 Bg4 4. Bg2 Nd7 5. O-O e6 6. b3 f5 7. Bb2 Bd6 8. Ne5
Nxe5 9. dxe5 Bc5 10. Nd2 Nh6 11. Nf3 Nf7 12. Nd4 Qe7 13. f4 g5 14. Kh1 h5 15.
h3 h4 16. hxg4 hxg3+ 17. Kg1 Nxe5 18. fxe5 Qh7 19. Rf3 Qh2+ 20. Kf1 fxg4 21.
Rf6 O-O-O 22. e3 Be7 23. Nxe6 Bxf6 24. exf6 Qh7 25. Nxd8 Qf5+ 26. Ke2 Rh2 27.
Kd2 Rxg2+ 28. Kc3 Kxd8 29. Qd3 Qxf6+ 30. Qd4 Qf5 31. Qd3 Qf6+ 32. Qd4 Qf2 33.
Qd3 Rg1 34. Rxg1 Qxg1 35. Kb4 Qf2 36. Qd4 g2 37. Qh8+ Ke7 38. Qg7+ Ke8 39. Qe5+
Kd8 40. Qd6+ Ke8 41. Qe6+ Kf8 42. Bf6 Qe1+ 43. c3 a5+ 44. Kc5 Qxc3+ 45. Bxc3
g1=Q 46. Bf6 Qc1+ 47. Kb6 Qa3 48. Kc7 g3 49. Kd7 1-0

[Event "España ch Universitario 2007"]
[Site "Cartagena ESP"]
[Date "2007.05.07"]
[Round "2.44"]
[White "Gomez Olivares, Alejandro"]
[Black "Gavilan Diaz, Mario"]
[Result "1-0"]
[WhiteElo "1979"]
[BlackElo "2244"]
[PlyCount "109"]
[EventDate "2007.05.06"]
[EventType "swiss"]
[EventRounds "9"]
[EventCountry "ESP"]
[Source "lmi"]
[SourceDate "2007.05.06"]

1. c4 e5 2. Nc3 Nf6 3. g3 c6 4. d4 exd4 5. Qxd4 d5 6. Bg2 Na6 7. cxd5 Bc5 8.
Qe5+ Kf8 9. Be3 Bxe3 10. Qxe3 cxd5 11. Rd1 Be6 12. Nh3 Bxh3 13. Bxh3 Qd6 14.
Bg2 Nc7 15. O-O h6 16. Rd2 Kg8 17. Rfd1 Kh7 18. Qd3+ g6 19. e4 Rhe8 20. exd5
Re5 21. Re2 Rae8 22. Rde1 a6 23. Kf1 Kg8 24. Qd2 Kg7 25. Qf4 Rxe2 26. Nxe2 Qc5
27. d6 Ncd5 28. Qd4 Qxd6 29. Nc3 Rxe1+ 30. Kxe1 Qe6+ 31. Kf1 Nxc3 32. Qxc3 Qxa2
33. Bxb7 Qe6 34. Qd3 Qh3+ 35. Bg2 Qh5 36. Bf3 Qa5 37. Kg2 Qb6 38. Qc3 a5 39.
Kg1 Kh7 40. Qc4 Kg8 41. b3 Nh7 42. h4 Nf8 43. Bd5 Qf6 44. Kg2 Kg7 45. Qb5 Qc3
46. Qb7 Qf6 47. Qc7 Ne6 48. Qxa5 Qe5 49. Qd2 Nd4 50. Bf3 Nxb3 51. Qd5 Qc3 52.
Qc6 Qe5 53. Qd5 Qc7 54. Qb7 Qc3 55. Bd5 1-0

[Event "España ch Universitario 2007"]
[Site "Cartagena ESP"]
[Date "2007.05.07"]
[Round "2.45"]
[White "Pastor Jimenez, Daniel"]
[Black "Romon Poves, Raul"]
[Result "1-0"]
[WhiteElo "2009"]
[BlackElo "2216"]
[PlyCount "53"]
[EventDate "2007.05.06"]
[EventType "swiss"]
[EventRounds "9"]
[EventCountry "ESP"]
[Source "lmi"]
[SourceDate "2007.05.06"]

1. e4 c5 2. Nf3 Nc6 3. d4 cxd4 4. Nxd4 Nf6 5. Nc3 e5 6. Ndb5 d6 7. Bg5 a6 8.
Na3 b5 9. Nd5 Be7 10. Bxf6 Bxf6 11. c3 Bg5 12. Nc2 Rb8 13. b4 Ne7 14. a4 Nxd5
15. Qxd5 Qc7 16. Qd3 O-O 17. axb5 axb5 18. Be2 Be6 19. Na3 Rfc8 20. O-O Qxc3
21. Qxc3 Rxc3 22. Nxb5 Rc2 23. Bd3 Rd2 24. Rfd1 Rxd3 25. Rxd3 Bc4 26. Rxd6 Bxb5
27. Rb6 1-0

[Event "España ch Universitario 2007"]
[Site "Cartagena ESP"]
[Date "2007.05.07"]
[Round "2.46"]
[White "Alonso Alvarez, Aitor"]
[Black "Wu Martin, Eneko"]
[Result "1-0"]
[WhiteElo "2165"]
[BlackElo "2079"]
[PlyCount "79"]
[EventDate "2007.05.06"]
[EventType "swiss"]
[EventRounds "9"]
[EventCountry "ESP"]
[Source "lmi"]
[SourceDate "2007.05.06"]

1. g3 d5 2. f4 c5 3. Nf3 Nc6 4. Bg2 e6 5. d3 Nf6 6. O-O Be7 7. c3 O-O 8. Qc2
Bd7 9. e4 d4 10. h3 Rc8 11. g4 b5 12. Nbd2 Qb6 13. Kh1 a5 14. a3 Qb8 15. Ne1 e5
16. f5 Ne8 17. Nef3 f6 18. h4 Nd6 19. c4 bxc4 20. Nxc4 Nxc4 21. Qxc4+ Kh8 22.
g5 Nd8 23. b3 Qb5 24. Bd2 Rb8 25. Rab1 Nf7 26. Qc2 Bc8 27. a4 Qb6 28. g6 Nh6
29. Bxh6 gxh6 30. Qd2 Kg7 31. h5 hxg6 32. fxg6 Qe6 33. Nh2 Rxb3 34. Rxb3 Qxb3
35. Bf3 Qxa4 36. Bg4 Qb4 37. Qa2 Ba6 38. Rb1 Qc3 39. Qe6 Re8 40. Qf7+ 1-0

[Event "España ch Universitario 2007"]
[Site "Cartagena ESP"]
[Date "2007.05.07"]
[Round "2.47"]
[White "Martinez Piqueras, Carlos Gustavo"]
[Black "Gimenez Carretero, Antonio E"]
[Result "1-0"]
[WhiteElo "2090"]
[BlackElo "2027"]
[PlyCount "63"]
[EventDate "2007.05.06"]
[EventType "swiss"]
[EventRounds "9"]
[EventCountry "ESP"]
[Source "lmi"]
[SourceDate "2007.05.06"]

1. d4 g6 2. Nf3 Bg7 3. c4 f5 4. Nc3 Nf6 5. Qc2 e6 6. Bg5 O-O 7. e4 h6 8. Bxf6
Qxf6 9. e5 Qe7 10. O-O-O d6 11. Bd3 Nc6 12. Rhe1 Nb4 13. Qe2 Nxd3+ 14. Qxd3 Qf7
15. g4 Bd7 16. Kb1 Rad8 17. g5 h5 18. Qe3 a6 19. d5 dxe5 20. Nxe5 Bxe5 21. Qxe5
Rfe8 22. Qxc7 e5 23. Rxe5 f4 24. Ka1 Bg4 25. Qxf7+ Kxf7 26. Rde1 Rxe5 27. Rxe5
Rc8 28. Ne4 Rc7 29. b3 Bf3 30. d6 Rd7 31. c5 a5 32. Nf6 1-0

[Event "España ch Universitario 2007"]
[Site "Cartagena ESP"]
[Date "2007.05.07"]
[Round "2.50"]
[White "Bermejo Martinez, Jorge"]
[Black "Pousada Garcia, Victor Manuel"]
[Result "1-0"]
[WhiteElo "2240"]
[BlackElo "1913"]
[PlyCount "143"]
[EventDate "2007.05.06"]
[EventType "swiss"]
[EventRounds "9"]
[EventCountry "ESP"]
[Source "lmi"]
[SourceDate "2007.05.06"]

1. d4 Nf6 2. c4 c5 3. Nf3 cxd4 4. Nxd4 e6 5. Nc3 d5 6. Bg5 Be7 7. cxd5 Nxd5 8.
Bxe7 Nxe7 9. Ndb5 Qxd1+ 10. Rxd1 Na6 11. Nd6+ Kf8 12. g3 Nb4 13. Bg2 Nbc6 14.
O-O g6 15. Nce4 Kg7 16. a3 a6 17. Nc5 b5 18. Rc1 Ra7 19. Bxc6 Nxc6 20. Nxe6+
Bxe6 21. Rxc6 Rb8 22. e4 b4 23. a4 a5 24. Rfc1 Bd7 25. Rc7 Rxc7 26. Rxc7 Bxa4
27. Rxf7+ Kg8 28. Ra7 Bd1 29. Rxa5 Bf3 30. Kf1 Rb6 31. e5 Rc6 32. Ra8+ Kg7 33.
Rc8 Ra6 34. Rc7+ Kg8 35. Rc1 Ra2 36. Nc4 Kf7 37. Nd2 Bd5 38. Rb1 Ke6 39. f4 Kf5
40. h3 g5 41. fxg5 Kxg5 42. Ke2 Kf5 43. b3 Kxe5 44. Kd3 Ra8 45. Re1+ Kf6 46.
Rf1+ Kg6 47. Rf4 Rd8 48. Rd4 Kf6 49. Nc4 Bxc4+ 50. Kxc4 Re8 51. Kxb4 Re3 52.
Rg4 h5 53. Rg8 h4 54. gxh4 Rxh3 55. Rg4 Ke6 56. Kc4 Kd6 57. b4 Kc6 58. Rg6+ Kb7
59. Rh6 Re3 60. b5 Re5 61. Kb4 Re1 62. Rh7+ Kb6 63. Rh6+ Kb7 64. h5 Rf1 65. Re6
Rb1+ 66. Kc5 Rc1+ 67. Kd5 Rd1+ 68. Ke4 Rh1 69. h6 Rh4+ 70. Kf5 Rh1 71. Kg6 Rg1+
72. Kf7 1-0

[Event "España ch Universitario 2007"]
[Site "Cartagena ESP"]
[Date "2007.05.07"]
[Round "2.51"]
[White "Tamayo Romay, Francisco Javier"]
[Black "Martinez Sanchez, Carmen"]
[Result "1-0"]
[WhiteElo "2210"]
[BlackElo "1907"]
[PlyCount "41"]
[EventDate "2007.05.06"]
[EventType "swiss"]
[EventRounds "9"]
[EventCountry "ESP"]
[Source "lmi"]
[SourceDate "2007.05.06"]

1. e4 c5 2. d4 cxd4 3. c3 dxc3 4. Nxc3 Nc6 5. Nf3 d6 6. Bc4 Nf6 7. e5 Ng4 8. e6
Bxe6 9. Bxe6 fxe6 10. Ng5 Nf6 11. O-O Qa5 12. Nxe6 Nd8 13. b4 Qb6 14. Qa4+ Nd7
15. Nd5 Qc6 16. b5 Qc8 17. Ndc7+ Kf7 18. Ng5+ Kg6 19. Qe4+ Kh5 20. g4+ Kh4 21.
Qg2 1-0

[Event "España ch Universitario 2007"]
[Site "Cartagena ESP"]
[Date "2007.05.07"]
[Round "2.52"]
[White "Alberola Mulet, Jairo"]
[Black "Ortiz Fernandez, David"]
[Result "0-1"]
[WhiteElo "2171"]
[BlackElo "1875"]
[PlyCount "116"]
[EventDate "2007.05.06"]
[EventType "swiss"]
[EventRounds "9"]
[EventCountry "ESP"]
[Source "lmi"]
[SourceDate "2007.05.06"]

1. e4 e6 2. d4 d5 3. e5 c5 4. c3 Qb6 5. Nf3 Bd7 6. a3 Bb5 7. Bd3 Qa6 8. Bc2 Nd7
9. Be3 Rc8 10. a4 Nb6 11. Na3 Bd7 12. a5 cxd4 13. Bxd4 Nc4 14. Nxc4 Qxc4 15.
Bd3 Qc7 16. Bxa7 Bc5 17. Bxc5 Qxc5 18. O-O Ne7 19. Nd4 Nc6 20. Nxc6 Bxc6 21.
Qg4 O-O 22. Qd4 Bb5 23. Qxc5 Rxc5 24. Bxb5 Rxb5 25. Ra2 Rc8 26. Rfa1 h5 27. Kf1
Rc4 28. Rd1 Rcc5 29. Rd4 Rxa5 30. Rxa5 Rxa5 31. Rb4 Ra7 32. Ke2 Kf8 33. Ke3 Ke7
34. Kf4 f6 35. exf6+ Kxf6 36. Rb6 g5+ 37. Kg3 Kf5 38. h4 g4 39. Rb4 Ke5 40. Kh2
Kd6 41. Rb6+ Ke5 42. g3 Kf5 43. Kg2 Ke5 44. Kf1 Kf5 45. Ke2 Ke5 46. Ke3 Kf5 47.
Kd4 Ra4+ 48. Kc5 Rc4+ 49. Kb5 Ke5 50. Rxb7 Ke4 51. Rf7 Kd3 52. Rf6 Re4 53. Kc6
Re2 54. b4 Kxc3 55. b5 d4 56. b6 d3 57. b7 Rb2 58. Rxe6 d2 0-1

[Event "España ch Universitario 2007"]
[Site "Cartagena ESP"]
[Date "2007.05.07"]
[Round "2.53"]
[White "Litran Sirvent, Oscar"]
[Black "Garcia Mendoza, Francisco"]
[Result "0-1"]
[WhiteElo "1910"]
[BlackElo "2171"]
[PlyCount "42"]
[EventDate "2007.05.06"]
[EventType "swiss"]
[EventRounds "9"]
[EventCountry "ESP"]
[Source "lmi"]
[SourceDate "2007.05.06"]

1. e4 c5 2. f4 Nc6 3. Nf3 g6 4. Bc4 Bg7 5. O-O d6 6. d3 e6 7. Nc3 Nge7 8. h3
O-O 9. g4 d5 10. Bb3 Nd4 11. Kg2 a5 12. Nxd4 cxd4 13. Ne2 a4 14. Bxd5 exd5 15.
f5 Be5 16. Bf4 Qd6 17. fxg6 fxg6 18. Qd2 Bd7 19. Bh6 Rxf1 20. Rxf1 Bc6 21. Nf4
dxe4 0-1

[Event "España ch Universitario 2007"]
[Site "Cartagena ESP"]
[Date "2007.05.07"]
[Round "2.54"]
[White "De Dios Ortega, Juan Manuel"]
[Black "Gonzalez Merino, Francisco"]
[Result "0-1"]
[WhiteElo "1895"]
[BlackElo "2159"]
[PlyCount "72"]
[EventDate "2007.05.06"]
[EventType "swiss"]
[EventRounds "9"]
[EventCountry "ESP"]
[Source "lmi"]
[SourceDate "2007.05.06"]

1. e4 e6 2. d4 c5 3. Nf3 cxd4 4. Nxd4 Nf6 5. Bd3 Nc6 6. Be3 d5 7. Nxc6 bxc6 8.
e5 Nd7 9. Bf4 Qb6 10. O-O Qxb2 11. Nd2 Nxe5 12. Be2 Ng6 13. Bg3 Qa3 14. h4 Bc5
15. Bf3 Ba6 16. Re1 Bd6 17. c4 Bxg3 18. fxg3 O-O 19. cxd5 cxd5 20. Nb3 Qd6 21.
h5 Ne5 22. Be4 Qb6+ 23. Kh2 dxe4 24. Rxe4 Rad8 25. Qc1 Rd5 26. Qf4 Nd3 27. Qh4
Qf2 28. Nd4 Qf6 29. Qxf6 gxf6 30. Rg4+ Rg5 31. Rh4 Rb8 32. Rf1 Rb2 33. Nf3 Ne5
34. Nxg5 Bxf1 35. Rd4 fxg5 36. Rd8+ Kg7 0-1

[Event "España ch Universitario 2007"]
[Site "Cartagena ESP"]
[Date "2007.05.07"]
[Round "2.56"]
[White "Garcia Tejera, Daniel"]
[Black "Moya Hernandez, Alvaro"]
[Result "1-0"]
[WhiteElo "2089"]
[BlackElo "1809"]
[PlyCount "83"]
[EventDate "2007.05.06"]
[EventType "swiss"]
[EventRounds "9"]
[EventCountry "ESP"]
[Source "lmi"]
[SourceDate "2007.05.06"]

1. c4 Nf6 2. g3 g6 3. Bg2 Bg7 4. Nc3 d6 5. d3 O-O 6. e4 e5 7. Nge2 c6 8. h3 a5
9. O-O Na6 10. Be3 Ne8 11. f4 f5 12. Qd2 fxe4 13. dxe4 Qe7 14. Rad1 Rf7 15. g4
exf4 16. Bxf4 Be6 17. b3 Be5 18. Bg5 Bf6 19. Be3 Nac7 20. Na4 c5 21. Nb6 Ra6
22. Na4 Be5 23. Nf4 Bd7 24. Nc3 Bc6 25. Rf2 Bxc3 26. Qxc3 Bxe4 27. Re1 Bxg2 28.
Nxg2 Qf8 29. Rxf7 Qxf7 30. Rf1 Qe7 31. Bh6 Ne6 32. Qe3 N8c7 33. Rf8+ Qxf8 34.
Bxf8 Nxf8 35. Nf4 Kf7 36. Qe4 Rc6 37. h4 Nce6 38. Nd5 Nd7 39. Qf3+ Kg7 40. h5
Nc7 41. Ne7 Rb6 42. Qf4 1-0

[Event "España ch Universitario 2007"]
[Site "Cartagena ESP"]
[Date "2007.05.07"]
[Round "2.57"]
[White "Garcia Gil, Jesus"]
[Black "Mateos Gomez, Juan Francisco"]
[Result "1-0"]
[WhiteElo "1791"]
[BlackElo "2087"]
[PlyCount "99"]
[EventDate "2007.05.06"]
[EventType "swiss"]
[EventRounds "9"]
[EventCountry "ESP"]
[Source "lmi"]
[SourceDate "2007.05.06"]

1. e4 Nf6 2. e5 Nd5 3. c4 Nb6 4. d4 d6 5. Nf3 dxe5 6. Nxe5 N8d7 7. Bf4 Nxe5 8.
Bxe5 f6 9. Bf4 c5 10. d5 e5 11. Be3 Bf5 12. Nc3 Bd6 13. Bd3 Qd7 14. Qh5+ g6 15.
Qe2 Nc8 16. O-O O-O 17. Nb5 e4 18. Bc2 b6 19. Rac1 Bb8 20. f3 exf3 21. Qxf3
Bxc2 22. Rxc2 a6 23. d6 axb5 24. Qxa8 Qxd6 25. Qd5+ Kg7 26. Qxd6 Nxd6 27. cxb5
Re8 28. Re1 Re4 29. Rce2 Kf7 30. Bf2 Rxe2 31. Rxe2 Nxb5 32. b4 Nc3 33. Rc2 cxb4
34. Bxb6 Bd6 35. Bd4 Nd5 36. Bc5 Be5 37. h3 Ke6 38. Kf2 Nf4 39. Kf3 Nd5 40. Bf8
Bc3 41. Ke4 f5+ 42. Kd3 f4 43. Bh6 Kf5 44. Bf8 g5 45. Bc5 h5 46. Bd4 b3 47.
axb3 Bb4 48. Kc4 Ke4 49. Re2+ Ne3+ 50. Bxe3 1-0

[Event "España ch Universitario 2007"]
[Site "Cartagena ESP"]
[Date "2007.05.07"]
[Round "2.58"]
[White "Mestres Cochs, Joan"]
[Black "Torrecillas Muelas, Maria Del Camino"]
[Result "1-0"]
[WhiteElo "2082"]
[BlackElo "1699"]
[PlyCount "55"]
[EventDate "2007.05.06"]
[EventType "swiss"]
[EventRounds "9"]
[EventCountry "ESP"]
[Source "lmi"]
[SourceDate "2007.05.06"]

1. e4 e6 2. d4 d5 3. exd5 exd5 4. Bd3 Bd6 5. Ne2 Nf6 6. O-O O-O 7. Bf4 c5 8. c3
Nc6 9. Bxd6 Qxd6 10. Nd2 Re8 11. dxc5 Qxc5 12. Nb3 Qb6 13. Ned4 Nxd4 14. cxd4
Bd7 15. Rc1 Ba4 16. Rc5 Rac8 17. Qc2 Rxc5 18. Qxc5 Qxc5 19. Nxc5 Bc6 20. Rc1
Ne4 21. b4 a6 22. Nxa6 Nc3 23. Rxc3 Re1+ 24. Bf1 Kf8 25. Nc7 Ke7 26. Re3+ Rxe3
27. fxe3 Kd7 28. Nb5 1-0

[Event "España ch Universitario 2007"]
[Site "Cartagena ESP"]
[Date "2007.05.07"]
[Round "2.59"]
[White "Marti Mascaro, Juan"]
[Black "Cruz Marques, Francisco Cesar"]
[Result "0-1"]
[WhiteElo "2073"]
[BlackElo "1906"]
[PlyCount "64"]
[EventDate "2007.05.06"]
[EventType "swiss"]
[EventRounds "9"]
[EventCountry "ESP"]
[Source "lmi"]
[SourceDate "2007.05.06"]

1. d4 d5 2. Nf3 Nf6 3. Bg5 c6 4. e3 Nbd7 5. Bd3 e6 6. c3 Bd6 7. Nbd2 Qc7 8. Qc2
O-O 9. e4 e5 10. dxe5 Nxe5 11. Nxe5 Bxe5 12. exd5 cxd5 13. O-O-O h6 14. Bxf6
Bxf6 15. h4 Qa5 16. a3 Be6 17. Nf3 Rac8 18. Nd4 Kh8 19. Nb3 Qa4 20. Nd4 Qa5 21.
Bf5 Bxd4 22. Rxd4 Bxf5 23. Qxf5 Rxc3+ 24. Kb1 Rb3 25. Ka2 Qb5 26. Qc2 Qb6 27.
Rhd1 Rb5 28. Qc3 Qe6 29. Qd3 a6 30. Ka1 Rc8 31. Rxd5 Rxd5 32. Qxd5 Rc1+ 0-1